<?xml version="1.0" encoding="UTF-8"?>
<record
    xmlns:xsi="http://www.w3.org/2001/XMLSchema-instance"
    xsi:schemaLocation="http://www.loc.gov/MARC21/slim http://www.loc.gov/standards/marcxml/schema/MARC21slim.xsd"
    xmlns="http://www.loc.gov/MARC21/slim">

  <leader>00204nam a2200085   4500</leader>
  <controlfield tag="001">1236208</controlfield>
  <controlfield tag="005">20251001145248.0</controlfield>
  <datafield tag="245" ind1=" " ind2=" ">
    <subfield code="a">MATEMAT&#x130;&#x11E;&#x130;N AYDINLIK D&#xDC;NYASI</subfield>
    <subfield code="c">AL&#x130; S&#x130;NAN SERT&#xD6;Z</subfield>
  </datafield>
  <datafield tag="260" ind1=" " ind2=" ">
    <subfield code="b">T&#xDC;B&#x130;TAK</subfield>
  </datafield>
  <datafield tag="999" ind1=" " ind2=" ">
    <subfield code="c">1236208</subfield>
    <subfield code="d">1236208</subfield>
  </datafield>
  <datafield tag="952" ind1=" " ind2=" ">
    <subfield code="0">0</subfield>
    <subfield code="1">0</subfield>
    <subfield code="2">ddc</subfield>
    <subfield code="4">0</subfield>
    <subfield code="7">0</subfield>
    <subfield code="a">1020</subfield>
    <subfield code="b">1020</subfield>
    <subfield code="d">2025-09-19</subfield>
    <subfield code="l">1</subfield>
    <subfield code="o">TY3</subfield>
    <subfield code="p">10204637</subfield>
    <subfield code="r">2025-10-31 13:42:10</subfield>
    <subfield code="s">2025-10-31</subfield>
    <subfield code="w">2025-10-01</subfield>
    <subfield code="y">BK</subfield>
  </datafield>
</record>
